000 00350 a2200157 4500
001 64456
020 _a9788502176119
040 _cAnchieta - Pituba
100 _aPaula, Marcelo Moraes
240 1 0 _aJornadas.geo 8° ano
_lpor
245 1 0 _aJornadas.geo 8° ano
300 _a240
362 0 _a2012
650 4 _aGeografia e viagens
942 _cBK
999 _c64456
_d64456